| 000 | 00566nam a2200193 i 4500 | ||
|---|---|---|---|
| 001 | 142933 | ||
| 003 | ES-MaACL | ||
| 005 | 20230906200650.0 | ||
| 007 | t| | ||
| 008 | 071011s1953 sp ||||1| spa d | ||
| 100 | 1 |
_aVidal y Saura, Fulgencio. _9114526 |
|
| 245 | 1 | 0 |
_aHaití _b: primer estado negro / _cFulgencio Vidal y Saura. |
| 250 | _a1ª ed. | ||
| 260 |
_aMadrid : _b[Javier Morata], _c1953. |
||
| 300 |
_a210 p. : _bil. ; _c27 cm. |
||
| 651 | 4 |
_aHaití- _xHistoria. _98817 |
|
| 852 |
_aES-MaACL _jC-5670 _bR.33424 |
||
| 852 |
_aES-MaACL _jC-18210 _bR.46389 |
||
| 999 |
_c142933 _d142933 |
||